000 00415nam a22001697a 4500
003 OSt
005 20211104162128.0
008 211104b |||||||| |||| 00| 0 eng d
020 _a013116153.9
040 _cHU
082 _a658.511
100 _aROTCH
_916989
245 _aCASES IN MANAGEMENT ACCOUNTING AND CONTROL SYSTEMS .
260 _aU.S.A.
_bLTD
_c1990
300 _a251
942 _2ddc
_cBOOKS
_n0
999 _c16811
_d16811